Phong cách quản lý và giữ chân nhân tài của người Nhật

Trình bày các lý thuyết cơ bản về lãnh đạo, vai trò của lãnh đạo, phong cách lãnh đạo... Đúc kết những bí quyết lãnh đạo dựa trên thực tiễn: hiểu về giá trị con người, lý giải về tổ chức, năm bắt phương hướng, truyền đạt ý tưởng, ph...

全面介绍

Đã lưu trong:
书目详细资料
主要作者: Sugiura, Masakazu
其他作者: Yoko (Dịch)
格式: 图书
语言:Vietnamese
出版: H. Lao động 2020
主题:
标签: 添加标签
没有标签, 成为第一个标记此记录!
Thư viện lưu trữ: Thư viện Trường Đại học Nam Cần Thơ
LEADER 01213nam a22002057a 4500
001 NCT_4_018433
008 250510b xxu||||| |||| 00| 0 vie d
999 |c 8889  |d 8889 
020 |a 9786049971204  |c 168000 
082 0 4 |2 23rd ed.  |a 658.3  |b S947 
100 1 |a Sugiura, Masakazu 
245 1 0 |a Phong cách quản lý và giữ chân nhân tài của người Nhật  |c Masakazu Sugiura ; Yoko (Dịch) 
260 |a H.  |b Lao động  |c 2020 
300 |a 482 tr.  |b Minh họa  |c 21cm 
520 3 |a Trình bày các lý thuyết cơ bản về lãnh đạo, vai trò của lãnh đạo, phong cách lãnh đạo... Đúc kết những bí quyết lãnh đạo dựa trên thực tiễn: hiểu về giá trị con người, lý giải về tổ chức, năm bắt phương hướng, truyền đạt ý tưởng, phát triển nguồn nhân lực... 
653 |a Quản trị kinh doanh 
700 1 |a Yoko  |e Dịch 
942 |2 ddc  |c BK 
952 |0 0  |1 0  |2 ddc  |4 0  |6 658_300000000000000_S947  |7 0  |9 30558  |a 000001  |b 000001  |d 2025-05-10  |o 658.3 S947  |p MD.23855  |r 2025-05-10  |v 168000.00  |w 2025-05-10  |y BK 
980 |a Thư viện Trường Đại học Nam Cần Thơ